Antología

Wedi'i Gadw mewn:
Manylion Llyfryddiaeth
Prif Awdur: Larra, Mariano José De
Fformat: Llyfr
Iaith:Undetermined
Cyhoeddwyd: Madrid, España Editora Nacional 1977
Pynciau:
Tagiau: Ychwanegu Tag
Dim Tagiau, Byddwch y cyntaf i dagio'r cofnod hwn!

MARC

LEADER 00000nam a2200000Ia 4500
008 170316s9999 xx 000 0 und d
040 |a cru BVZT 
090 |a 862 L-8an 
100 |a Larra, Mariano José De 
245 |a Antología 
260 |a Madrid, España 
260 |b Editora Nacional 
260 |c 1977 
300 |a 320 páginas 
650 |a LITERATURA ESPAÑOLA 
999 |c 10097  |d 10097 
942 |c 15 D  |h 862 L-8an  |2 z